Normal view
MARC view
Entry Topical Term
001 - CONTROL NUMBER
- control field: 34428
003 - CONTROL NUMBER IDENTIFIER
- control field: dpl
005 - DATE AND TIME OF LATEST TRANSACTION
- control field: 20110905170753.0
008 - FIXED-LENGTH DATA ELEMENTS
- fixed length control field: 110905|||a|||||| | ||| d
040 ## - CATALOGING SOURCE
- Original cataloging agency: dpl
- Transcribing agency: dpl
150 ## - HEADING--TOPICAL TERM
- Topical term or geographic name as entry element: Number theory.
670 ## - SOURCE DATA FOUND
- Source citation: Work cat.: (dpl)29535: Carmichael, R. D. (Robert Daniel) 34427, The theory of numbers /, 2008(repr.).
670 ## - SOURCE DATA FOUND
- Source citation: Work cat.: (dpl)29535: Carmichael, R. D. (Robert Daniel) 34427, The theory of numbers /, 2008(repr.).
